000 00575nam a2200193Ia 4500
005 20260120132442.0
008 008 260114s9999 xx 000 0 eng d
020 _a9780191980817
037 _aEBOOK
040 _aCRL
_beng
_cCRL
041 _aeng
_2eng
084 _qCRL
100 _aMorrissey
_9939185
245 0 _aSustaining Tanzanias Economic Development: A Firm and Household Perspective
260 _bOxford University PressOxford University Press
_c2024
856 _uhttps://academic.oup.com/book/56193
942 _cEBOOK
999 _c1531109
_d1531109